000 00202 a2200097 4500
001 8621
100 _aA.H.Suhrawardy
245 _aIslam for mod.times
260 _a
_bFerozsons
_c
090 _c6944
_d6944
942 _aNUST-CAE
_cM
_c33538
999 _c243694
_d243694